Welcome to the Holygrace Academy Library

Please use search bar below to get started

HORRIBLE HISTORIES (Record no. 4593)

MARC details
000 -LEADER
fixed length control field 00343nam a22001337a 4500
020 ## - INTERNATIONAL STANDARD BOOK NUMBER
ISBN 1-4071-0279-6
082 ## - DEWEY DECIMAL CLASSIFICATION NUMBER
Classification number 823
Item number DEA/E
100 ## - MAIN ENTRY--AUTHOR NAME
Personal name DEARY, TERRY
245 ## - TITLE STATEMENT
Title HORRIBLE HISTORIES
Remainder of title EVEN MORE TERRIBLE TUDORS
260 ## - PUBLICATION, DISTRIBUTION, ETC. (IMPRINT)
Place of publication LONDON
Name of publisher THE DAILY TELEGRAPH
Year of publication 1998
300 ## - PHYSICAL DESCRIPTION
Number of Pages 128
650 ## - SUBJECT ADDED ENTRY--TOPICAL TERM
Topical Term CHILDRENS STORY BOOK
Geographic subdivision UNITED KINGDOM
942 ## - ADDED ENTRY ELEMENTS (KOHA)
Koha item type Books
Holdings
Withdrawn status Lost status Collection code Home library Current library Shelving location Date acquired Source of acquisition Full call number Accession Number Koha item type
    Fiction Main Library Main Library SHELF 4-C HORRIBLE HISTORIES 22/03/2014 purchase 823 DEA/E 08147 Books